International heritage and historic building conservation : saving the world's past (Record no. 9578)

000 -LEADER
fixed length control field 00360nam a2200133 4500
003 - CONTROL NUMBER IDENTIFIER
control field OSt
005 - DATE AND TIME OF LATEST TRANSACTION
control field 20210705110817.0
008 - FIXED-LENGTH DATA ELEMENTS--GENERAL INFORMATION
fixed length control field 210705b ||||| |||| 00| 0 eng d
020 ## - INTERNATIONAL STANDARD BOOK NUMBER
International Standard Book Number 9781138825284
082 ## - DEWEY DECIMAL CLASSIFICATION NUMBER
Classification number 363.69
Item number AYG
100 ## - MAIN ENTRY--PERSONAL NAME
Personal name Aygen, Zeynep
245 ## - TITLE STATEMENT
Title International heritage and historic building conservation : saving the world's past
942 ## - ADDED ENTRY ELEMENTS (KOHA)
Source of classification or shelving scheme
Holdings
Withdrawn status Lost status Source of classification or shelving scheme Damaged status Koha normalized classification for sorting Not for loan Permanent location Current location Date acquired Full call number Barcode Date last seen Price effective from Koha item type
        363_690000000000000_AYG   BMS College of Architecture, Design and Planning BMS College of Architecture, Design and Planning 2021-07-05 363.69 AYG AR-RD141 2021-07-05 2021-07-05 R&D Books
Copyright © 2025, The Librarian, Library and Information Centre, BMSCA D&P, Bengaluru. All Rights Reserved
web counter

Powered by Koha